| 000 | 00513nam a2200157Ia 4500 | ||
|---|---|---|---|
| 999 |
_c19110 _d19110 |
||
| 082 | _aRL.0017 | ||
| 100 | _aLobo, Lancy | ||
| 245 | 0 |
_aReligious conversion and social mobility : _bA case study of the Vankars in Central Gujarat |
|
| 260 |
_c1991 _bICSSR, New Delhi |
||
| 300 | _a259 | ||
| 650 | _aVANKARS, THE - GUJARAT - KHEDA DISTRICT | ||
| 650 | _aSOCIAL MOBILITY - GUJARAT - KHEDA DISTRICT | ||
| 650 | _aCONVERTS - GUJARAT - KHEDA DISTRICT | ||
| 710 | _aCentre for Social Studies, Surat | ||
| 942 |
_cRP _2ddc |
||